<?xml version="1.0" encoding="UTF-8"?>
<record
    xmlns:xsi="http://www.w3.org/2001/XMLSchema-instance"
    xsi:schemaLocation="http://www.loc.gov/MARC21/slim http://www.loc.gov/standards/marcxml/schema/MARC21slim.xsd"
    xmlns="http://www.loc.gov/MARC21/slim">

  <leader>01182nam a2200289 i 4500</leader>
  <controlfield tag="001">186525</controlfield>
  <controlfield tag="003">SpMaBN</controlfield>
  <controlfield tag="005">20250902090038.0</controlfield>
  <controlfield tag="008">161122s2011    sp a         |||| | spa d</controlfield>
  <datafield tag="020" ind1=" " ind2=" ">
    <subfield code="a">978-84-89318-00-7</subfield>
  </datafield>
  <datafield tag="080" ind1=" " ind2=" ">
    <subfield code="a">726.76(460.154)</subfield>
  </datafield>
  <datafield tag="080" ind1=" " ind2=" ">
    <subfield code="a">726.54(460.154)</subfield>
  </datafield>
  <datafield tag="080" ind1=" " ind2=" ">
    <subfield code="a">248.159(460.154)</subfield>
  </datafield>
  <datafield tag="100" ind1="1" ind2=" ">
    <subfield code="a">Mu&#xF1;agorri Lagu&#xED;a, Miguel.</subfield>
    <subfield code="9">137531</subfield>
  </datafield>
  <datafield tag="245" ind1="1" ind2="0">
    <subfield code="a">Michaelem </subfield>
    <subfield code="b">: San Miguel en el camino guipuzcoano de las estrellas / </subfield>
    <subfield code="c">Miguel Mu&#xF1;agorri.</subfield>
  </datafield>
  <datafield tag="246" ind1="3" ind2="0">
    <subfield code="a">San Miguel en el camino guipuzcoano de las estrellas</subfield>
  </datafield>
  <datafield tag="260" ind1=" " ind2=" ">
    <subfield code="a">Madrid : </subfield>
    <subfield code="b">Delegaci&#xF3;n en Corte de la R.S.B.A.P., </subfield>
    <subfield code="c">2011.</subfield>
  </datafield>
  <datafield tag="300" ind1=" " ind2=" ">
    <subfield code="a">92 p. : </subfield>
    <subfield code="b">il. ; </subfield>
    <subfield code="c">20 x 20 cm.</subfield>
  </datafield>
  <datafield tag="504" ind1=" " ind2=" ">
    <subfield code="a">Bibliograf&#xED;a: p. 91-92.</subfield>
  </datafield>
  <datafield tag="594" ind1=" " ind2=" ">
    <subfield code="a">Precede al t&#xED;t.: Real Sociedad Bascongada de los Amigos del Pa&#xED;s, Delegaci&#xF3;n en Corte = Euskalerriaren Adiskideen Elkartea, Gorteko Ordezkaritza.</subfield>
  </datafield>
  <datafield tag="594" ind1=" " ind2=" ">
    <subfield code="a">En port.: Eusko Jaurlaritza = Gobierno Vasco.</subfield>
  </datafield>
  <datafield tag="650" ind1=" " ind2="7">
    <subfield code="a">Iglesias-</subfield>
    <subfield code="z">Guip&#xFA;zcoa.</subfield>
    <subfield code="9">161355</subfield>
  </datafield>
  <datafield tag="650" ind1=" " ind2="7">
    <subfield code="a">Miguel (Arc&#xE1;ngel)-</subfield>
    <subfield code="x">Culto.</subfield>
    <subfield code="9">161356</subfield>
  </datafield>
  <datafield tag="710" ind1="2" ind2=" ">
    <subfield code="a">Real Sociedad Bascongada de los Amigos del Pa&#xED;s. </subfield>
    <subfield code="b">Delegaci&#xF3;n en Corte</subfield>
    <subfield code="9">6371</subfield>
  </datafield>
  <datafield tag="852" ind1=" " ind2=" ">
    <subfield code="a">ES-MaACL</subfield>
    <subfield code="j">L-30870</subfield>
  </datafield>
  <datafield tag="999" ind1=" " ind2=" ">
    <subfield code="c">186525</subfield>
    <subfield code="d">186525</subfield>
  </datafield>
  <datafield tag="952" ind1=" " ind2=" ">
    <subfield code="0">0</subfield>
    <subfield code="1">0</subfield>
    <subfield code="4">0</subfield>
    <subfield code="7">0</subfield>
    <subfield code="a">ATENEOM</subfield>
    <subfield code="b">ATENEOM</subfield>
    <subfield code="c">DEPO2</subfield>
    <subfield code="d">2016-11-22</subfield>
    <subfield code="e">DON</subfield>
    <subfield code="l">0</subfield>
    <subfield code="o">L-30870</subfield>
    <subfield code="p">1196692</subfield>
    <subfield code="r">2023-02-23 00:00:00</subfield>
    <subfield code="w">2023-02-23</subfield>
    <subfield code="y">MONOGRAFIA</subfield>
  </datafield>
</record>
